| 000 | 00638nam a2200241 a 4500 | ||
|---|---|---|---|
| 999 |
_c5072 _d5072 |
||
| 001 | 5072 | ||
| 003 | BD-JhCC | ||
| 005 | 20171209132251.0 | ||
| 008 | 171207s1972 e a|||| || | 000 0 eng d | ||
| 020 | _a0435284916 | ||
| 035 | _a(BD-JhCC)5072 | ||
| 040 |
_aBD-JhCC _dBD-JhCC |
||
| 041 | _aeng | ||
| 082 |
_a428.2 _bJUP 1972 |
||
| 100 | _aJupp, T. C. | ||
| 245 |
_aGuided Paragraph Writing / _cT. C. Jupp and John Milne |
||
| 260 |
_aLondon : _bHeinemann Educational Books, _c1972. |
||
| 300 |
_a104 p. : _bill. ; _c23 cm. |
||
| 650 | _aReading materials (Elementary) | ||
| 700 | _aMilne, John | ||
| 942 |
_2ddc _cBK |
||